Komunikácia s rodičmi detí v materskéj škole ...ako súčasť riadiacej práce

Konštruktívna komunikácia riaditeľa materskej školy so zákonnými zástupcami deti patrí k dôležitým predpokladom zdravej klímy. V príspevku poukážeme na zásady a nástroje komunikácie so zákonnými zástupcami detí, ktoré využívame vo svojej riadiacej praxi. Zodpovieme otázku, ako docieliť, aby sme si v...

Ausführliche Beschreibung

Gespeichert in:
Bibliographische Detailangaben
1. Verfasser: Stúpalová, Jana
Format: Buchkapitel
Sprache:Slowakisch
Schlagworte:
Tags: Tag hinzufügen
Keine Tags, Fügen Sie das erste Tag hinzu!

MARC

LEADER 00000naa a2200000 4500
001 0297448
005 20240417075255.9
041 0 |a slo 
044 |a SK 
245 1 0 |a Komunikácia s rodičmi detí v materskéj škole  |b ...ako súčasť riadiacej práce  |c Jana Stúpalová 
520 |a Konštruktívna komunikácia riaditeľa materskej školy so zákonnými zástupcami deti patrí k dôležitým predpokladom zdravej klímy. V príspevku poukážeme na zásady a nástroje komunikácie so zákonnými zástupcami detí, ktoré využívame vo svojej riadiacej praxi. Zodpovieme otázku, ako docieliť, aby sme si vzájomne rozumeli. Opíšeme formy a nástroje efektívnej komunikácie. 
610 2 0 |a komunikácia 
610 2 0 |a riadenie 
610 2 0 |a škola a prax 
610 2 0 |a rodičovstvo 
610 2 0 |a informácie 
100 1 |a Stúpalová, Jana